| 000 | 00912nam a2200265 i 4500 | ||
|---|---|---|---|
| 001 | bg | ||
| 100 | 1 | _aWALKIEWICZ, Rafał | |
| 245 | 1 | 0 |
_aBankowość inwestycyjna : _bsubstytucja produktów bankowych dla przedsiębiorstw przez produkty rynku finansowego i nowej ekonomii / _cRafał Walkiewicz. |
| 260 |
_aWarszawa : _b"Poltext", _c2001. |
||
| 300 |
_a174, [1] s. : _bil. ; _c24 cm. |
||
| 490 | 1 | _aStudia Finansowo-Bankowe / Szkoła Główna Handlowa | |
| 504 | _aBibliogr. | ||
| 650 | 9 |
_aBanki _xinwestycje |
|
| 650 | 9 | _aRynek finansowy | |
| 655 | _aPodręczniki | ||
| 830 | 0 | _aStudia Finansowo-Bankowe (Szkoła Główna Handlowa) | |
| 020 | _a8388840002 | ||
| 040 | _cBPK | ||
| 041 | 0 | _apl | |
| 080 | _a336.71:336.76](07) | ||
| 920 | _a83-88840-00-2 | ||
| 942 | _cKS | ||
| 008 | s pl f |000 0 pol | ||
| 999 |
_c41736 _d41736 |
||
| 856 |
_uhttp://koha.tu.koszalin.pl/cgi-bin/koha/opac-detail.pl?biblionumber=41736 _yKatalog online BPK |
||